Top Ten NHL Players on Every Team All-Time - Statistics

General Stats
  • This quiz has been taken 97 times
  • The average score is 115 of 320
Answer Stats
Hint Answer Points % Correct
Anaheim Ducks Teemu Selanne 988
90%
Edmonton Oilers Wayne Gretzky 1669
87%
Los Angeles Kings Wayne Gretzky 918
87%
Anaheim Ducks Ryan Getzlaf 1019
86%
Anaheim Ducks Corey Perry 776
84%
Boston Bruins Brad Marchand 940
83%
Edmonton Oilers Connor McDavid 992
83%
Colorado Avalanche Joe Sakic 1015
83%
Boston Bruins Patrice Bergeron 1040
83%
Boston Bruins Ray Bourque 1506
83%
Boston Bruins Bobby Orr 888
81%
Montreal Canadiens Henri Richard 1046
81%
Montreal Canadiens Maurice Richard 966
81%
Nashville Predators Filip Forsberg 620
78%
Calgary Flames Jarome Iginla 1095
78%
Edmonton Oilers Mark Messier 1034
78%
New York Rangers Mark Messier 691
78%
Chicago Blackhawks Patrick Kane 1225
78%
Colorado Avalanche Peter Forsberg 705
78%
Detroit Red Wings Gordie Howe 1809
76%
Pittsburgh Penguins Mario Lemieux 1723
76%
Colorado Avalanche Nathan MacKinnon 924
76%
Chicago Blackhawks Jonathan Toews 883
75%
Dallas Stars Mike Modano 1050
75%
Boston Bruins Phil Esposito 1012
75%
San Jose Sharks Joe Thornton 1055
73%
Detroit Red Wings Steve Yzerman 1755
73%
Edmonton Oilers Jari Kurri 1043
71%
Pittsburgh Penguins Sidney Crosby 1616
71%
Florida Panthers Aleksander Barkov 729
70%
Los Angeles Kings Anze Kopitar 1232
70%
Carolina Hurricanes Eric Staal 775
70%
Montreal Canadiens Guy Lafleur 1246
70%
Pittsburgh Penguins Jaromir Jagr 1079
70%
Carolina Hurricanes Jordan Staal 429
70%
Edmonton Oilers Leon Draisaitl 866
70%
Minnesota Wild Mikko Koivu 709
70%
Montreal Canadiens Saku Koivu 541
70%
Ottawa Senators Brady Tkachuk 369
68%
Boston Bruins David Pastrnak 740
68%
Ottawa Senators Erik Karlsson 518
67%
Los Angeles Kings Luc Robitaille 1154
67%
Vegas Golden Knights William Karlsson 378
67%
Washington Capitals Alex Ovechkin 1575
65%
Detroit Red Wings Pavel Datsyuk 918
65%
Columbus Blue Jackets Rick Nash 547
65%
Chicago Blackhawks Bobby Hull 1153
63%
St. Louis Blues Brett Hull 936
63%
Ottawa Senators Daniel Alfredsson 1108
63%
Chicago Blackhawks Dennis Hull 640
63%
Pittsburgh Penguins Evgeni Malkin 1316
63%
Los Angeles Kings Marcel Dionne 1307
63%
Anaheim Ducks Paul Kariya 669
63%
Vancouver Canucks Pavel Bure 478
63%
Tampa Bay Lightning Steven Stamkos 1137
63%
Dallas Stars Jamie Benn 913
62%
New York Islanders Mike Bossy 1126
62%
Los Angeles Kings Drew Doughty 669
60%
Montreal Canadiens Jean Beliveau 1219
60%
Calgary Flames Johnny Gaudreau 609
60%
Tampa Bay Lightning Martin St. Louis 953
60%
Chicago Blackhawks Stan Mikita 1467
60%
Minnesota Wild Kirill Kaprizov 364
59%
Tampa Bay Lightning Nikita Kucherov 907
59%
Nashville Predators Roman Josi 700
59%
Carolina Hurricanes Ron Francis 354
59%
Pittsburgh Penguins Ron Francis 613
59%
New Jersey Devils Scott Niedermayer 476
59%
Florida Panthers Jonathan Huberdeau 613
57%
Pittsburgh Penguins Kris Letang 748
57%
Colorado Avalanche Mikko Rantanen 634
57%
San Jose Sharks Patrick Marleau 1111
57%
Edmonton Oilers Paul Coffey 669
57%
Carolina Hurricanes Rod Brind'Amour 473
57%
Philadelphia Flyers Claude Giroux 900
56%
Vancouver Canucks Daniel Sedin 1041
56%
Chicago Blackhawks Duncan Keith 625
56%
Vancouver Canucks Henrik Sedin 1070
56%
New York Islanders John Tavares 621
56%
Detroit Red Wings Nicklas Lidstrom 1142
56%
Carolina Hurricanes Sebastian Aho 569
56%
Dallas Stars Tyler Seguin 677
56%
Calgary Flames Al MacInnis 822
54%
St. Louis Blues Al MacInnis 452
54%
Toronto Maple Leafs Auston Matthews 660
54%
Detroit Red Wings Brendan Shanahan 633
54%
Colorado Avalanche Cale Makar 359
54%
Vegas Golden Knights Jack Eichel 195
54%
Philadelphia Flyers Bobby Clarke 1210
52%
Nashville Predators Craig Smith 330
52%
Philadelphia Flyers Eric Lindros 659
52%
Seattle Kraken Jordan Eberle 162
52%
Ottawa Senators Marian Hossa 390
52%
Toronto Maple Leafs Mats Sundin 987
52%
Vegas Golden Knights Reilly Smith 286
52%
Detroit Red Wings Sergei Fedorov 954
52%
Detroit Red Wings Henrik Zetterberg 960
51%
Boston Bruins Johnny Bucyk 1339
51%
New York Islanders Bryan Trottier 1353
49%
Chicago Blackhawks Denis Savard 1096
49%
Buffalo Sabres Gilbert Perreault 1326
49%
Minnesota Wild Marian Gaborik 437
49%
Vegas Golden Knights Mark Stone 277
49%
Buffalo Sabres Rene Robert 552
49%
Calgary Flames Theo Fleury 830
49%
Ottawa Senators Dany Heatley 362
48%
San Jose Sharks Joe Pavelski 761
48%
Minnesota Wild Zach Parise 400
48%
New Jersey Devils Zach Parise 410
48%
Florida Panthers Aaron Ekblad 355
46%
Colorado Avalanche Gabriel Landeskog 571
46%
Edmonton Oilers Glenn Anderson 906
46%
New York Islanders Brent Sutter 610
44%
St. Louis Blues Brian Sutter 636
44%
Buffalo Sabres Dave Andreychuk 804
44%
Calgary Flames Joe Nieuwendyk 616
44%
Dallas Stars Joe Nieuwendyk 340
44%
Pittsburgh Penguins Kevin Stevens 555
44%
Montreal Canadiens Larry Robinson 883
44%
Colorado Avalanche Milan Hejduk 805
44%
Washington Capitals Nicklas Backstrom 1033
44%
New Jersey Devils Scott Stevens 430
44%
Tampa Bay Lightning Victor Hedman 748
44%
Tampa Bay Lightning Vincent Lecavalier 874
44%
San Jose Sharks Brent Burns 594
43%
Calgary Flames Gary Roberts 505
43%
Ottawa Senators Jason Spezza 687
43%
Toronto Maple Leafs Mitch Marner 668
43%
Florida Panthers Olli Jokinen 419
43%
New Jersey Devils Patrik Elias 1025
43%
Los Angeles Kings Dustin Brown 712
41%
Calgary Flames Gary Suter 564
41%
Winnipeg Jets Mark Scheifele 743
41%
Colorado Avalanche Paul Stastny 458
41%
Edmonton Oilers Ryan Nugent-Hopkins 704
41%
Minnesota Wild Ryan Suter 369
41%
Nashville Predators Shea Weber 443
41%
Winnipeg Jets Blake Wheeler 795
40%
New York Rangers Brian Leetch 981
40%
New York Islanders Denis Potvin 1052
40%
San Jose Sharks Logan Couture 701
40%
Philadelphia Flyers Mark Recchi 627
40%
New York Islanders Pat LaFontaine 566
40%
Los Angeles Kings Rob Blake 494
40%
Vegas Golden Knights Alex Pietrangelo 169
38%
Anaheim Ducks Bobby Ryan 289
38%
Utah Hockey Club Clayton Keller 20
38%
Seattle Kraken Jared McCann 204
38%
Washington Capitals John Carlson 690
38%
Washington Capitals Mike Gartner 789
38%
Columbus Blue Jackets Boone Jenner 364
37%
Tampa Bay Lightning Brad Richards 489
37%
Vegas Golden Knights Jonathan Marchessault 417
37%
Winnipeg Jets Kyle Connor 514
37%
Vancouver Canucks Markus Naslund 756
37%
Columbus Blue Jackets Zach Werenski 311
37%
Detroit Red Wings Alex Delvecchio 1281
35%
Anaheim Ducks Cam Fowler 455
35%
Edmonton Oilers Ryan Smyth 631
35%
Boston Bruins David Krejci 786
33%
Calgary Flames Mark Giordano 509
33%
Buffalo Sabres Mike Foligno 511
33%
Columbus Blue Jackets Nick Foligno 334
33%
Minnesota Wild Jared Spurgeon 390
32%
Winnipeg Jets Patrik Laine 250
32%
Dallas Stars Sergei Zubov 549
32%
Columbus Blue Jackets Seth Jones 223
32%
St. Louis Blues Vladimir Tarasenko 553
32%
Tampa Bay Lightning Brayden Point 574
30%
Chicago Blackhawks Doug Wilson 779
30%
Chicago Blackhawks Hubert Martin 627
30%
Buffalo Sabres Rick Martin 695
30%
Seattle Kraken Vince Dunn 148
30%
Ottawa Senators Alexei Yashin 491
29%
Nashville Predators David Legwand 566
29%
San Jose Sharks Owen Nolan 451
29%
Washington Capitals Peter Bondra 825
29%
Los Angeles Kings Dave Taylor 1069
27%
Buffalo Sabres Jason Pominville 521
27%
Winnipeg Jets Josh Morrissey 333
27%
Seattle Kraken Matty Beniers 113
27%
Vegas Golden Knights Nicolas Roy 147
27%
Detroit Red Wings Ted Lindsay 728
27%
Columbus Blue Jackets Cam Atkinson 402
25%
Washington Capitals Evgeny Kuznetsov 568
25%
Toronto Maple Leafs Frank Mahovlich 597
25%
Dallas Stars Jere Lehtinen 514
25%
Philadelphia Flyers John LeClair 643
25%
Utah Hockey Club Mikhail Sergachev 15
25%
Montreal Canadiens Steve Shutt 776
25%
San Jose Sharks Tomas Hertl 484
25%
Montreal Canadiens Bernie Geoffrion 759
24%
Los Angeles Kings Bernie Nicholls 758
24%
New York Rangers Chris Kreider 561
24%
Colorado Avalanche Matt Duchene 428
24%
Vegas Golden Knights Shea Theodore 307
24%
Montreal Canadiens Yvan Cournoyer 863
24%
Vancouver Canucks Elias Pettersson 430
22%
Carolina Hurricanes Jeff Skinner 379
22%
Winnipeg Jets Nikolaj Ehlers 482
22%
New York Rangers Rod Gilbert 1021
22%
Chicago Blackhawks Steve Larmer 923
22%
San Jose Sharks Timo Meier 316
22%
Vancouver Canucks Trevor Linden 733
22%
Colorado Avalanche Alex Tanguay 488
21%
Philadelphia Flyers Bill Barber 883
21%
Buffalo Sabres Danny Gare 500
21%
Montreal Canadiens Jacques Lemaire 835
21%
Philadelphia Flyers Jakub Voracek 604
21%
Vegas Golden Knights Max Pacioretty 194
21%
Utah Hockey Club Nick Schmaltz 17
21%
New Jersey Devils Scott Gomez 484
21%
Toronto Maple Leafs Darryl Sittler 916
19%
Winnipeg Jets Dustin Byfuglien 363
19%
Utah Hockey Club Dylan Guenther 20
19%
Utah Hockey Club Logan Cooley 18
19%
Minnesota Wild Mats Zuccarello 295
19%
Anaheim Ducks Rickard Rakell 339
19%
Florida Panthers Scott Mellanby 354
19%
Anaheim Ducks Steve Rucchin 432
19%
Boston Bruins Wayne Cashman 793
19%
New Jersey Devils Aaron Broten 430
17%
Toronto Maple Leafs Borje Salming 768
17%
Toronto Maple Leafs Dave Keon 858
17%
Seattle Kraken Jaden Schwartz 106
17%
Calgary Flames Mikael Backlund 537
17%
Minnesota Wild Mikael Granlund 317
17%
Buffalo Sabres Phil Housley 558
17%
Carolina Hurricanes Ray Whitney 334
17%
Carolina Hurricanes Teuvo Teravainen 415
17%
Vancouver Canucks Todd Bertuzzi 449
17%
Seattle Kraken Yanni Gourde 139
17%
New York Islanders Joshua Bailey 580
16%
San Jose Sharks Marc-Edouard Vlasic 376
16%
Florida Panthers Nathan Horton 295
16%
Detroit Red Wings Norm Ullman 758
16%
St. Louis Blues Pavol Demitra 493
16%
Winnipeg Jets Adam Lowry 254
14%
Philadelphia Flyers Brian Propp 849
14%
Winnipeg Jets Bryan Little 372
14%
New York Islanders Clark Gillies 663
14%
Toronto Maple Leafs George Armstrong 713
14%
Anaheim Ducks Jakob Silfverberg 354
14%
New York Rangers Jean Ratelle 817
14%
Dallas Stars Loui Eriksson 357
14%
Columbus Blue Jackets Oliver Bjorkstrand 234
14%
Seattle Kraken Oliver Bjorkstrand 117
14%
Minnesota Wild Pierre-Marc Bouchard 347
14%
Boston Bruins Rick Middleton 898
14%
Florida Panthers Stephen Weiss 394
14%
Ottawa Senators Wade Redden 410
14%
Anaheim Ducks Adam Henrique 264
13%
St. Louis Blues Alexander Steen 496
13%
St. Louis Blues Bernie Federko 1073
13%
St. Louis Blues David Backes 460
13%
Ottawa Senators Mike Fisher 348
13%
Toronto Maple Leafs Ron Ellis 640
13%
Nashville Predators Ryan Ellis 270
13%
Vegas Golden Knights Chandler Stephenson 237
11%
Edmonton Oilers Doug Weight 577
11%
Seattle Kraken Eeli Tolvanen 76
11%
Carolina Hurricanes Erik Cole 363
11%
Nashville Predators Kimmo Timonen 301
11%
New Jersey Devils Kirk Muller 520
11%
Nashville Predators Ryan Johansen 362
11%
Seattle Kraken Adam Larsson 79
10%
Winnipeg Jets Andrew Ladd 246
10%
New York Rangers Andy Bathgate 729
10%
Washington Capitals Dale Hunter 556
10%
Dallas Stars John Klingberg 374
10%
Calgary Flames Kent Nilsson 469
10%
Nashville Predators Martin Erat 481
10%
Utah Hockey Club Matias Maccelli 9
10%
Pittsburgh Penguins Syl Apps 500
10%
New Jersey Devils Travis Zajac 550
10%
Florida Panthers Viktor Kozlov 291
10%
Florida Panthers Vincent Trocheck 282
10%
Tampa Bay Lightning Alex Killorn 466
8%
Los Angeles Kings Butch Goring 659
8%
New Jersey Devils John MacLean 701
8%
Vancouver Canucks Stan Smyl 673
8%
Seattle Kraken Alex Wennberg 100
6%
Dallas Stars Brenden Morrow 528
6%
St. Louis Blues David Perron 465
6%
St. Louis Blues Garry Unger 575
6%
Carolina Hurricanes Jeff O'Neill 359
6%
Tampa Bay Lightning Ondrej Palat 423
6%
Philadelphia Flyers Rick MacLeish 697
6%
Columbus Blue Jackets R.J. Umberger 250
6%
Minnesota Wild Andrew Brunette 321
5%
New Jersey Devils Bobby Holik 472
5%
Buffalo Sabres Craig Ramsay 672
5%
Pittsburgh Penguins Jean Pronovost 603
5%
Nashville Predators Mattias Ekholm 268
5%
Dallas Stars Mike Ribeiro 407
5%
Philadelphia Flyers Tim Kerr 650
5%
New York Rangers Vic Hadfield 572
5%
Washington Capitals Bengt-Ake Gustafsson 554
3%
New York Islanders Bob Bourne 542
3%
Columbus Blue Jackets David Vyborny 317
3%
Utah Hockey Club Jack McBain 11
3%
Utah Hockey Club Michael Kesselring 11
3%
Tampa Bay Lightning Vaclav Prospal 371
3%
Ottawa Senators Yadek Bonk 399
3%
Utah Hockey Club Barrett Hayton 9
2%
Columbus Blue Jackets Brandon Dubinsky 225
2%
Buffalo Sabres Don Luce 526
2%
New York Islanders John Tonelli 544
2%
Utah Hockey Club Nick Bjugstad 7
2%
Pittsburgh Penguins Rick Kehoe 636
2%
Florida Panthers Robert Svehla 290
2%
New York Rangers Steve Vickers 586
2%
Vancouver Canucks Tony Tanti 470
2%
Toronto Maple Leafs Bob Pulford 563
0%
San Jose Sharks Jeff Friesen 350
0%
Washington Capitals Michal Pivonka 599
0%
Washington Capitals Mike Ridley 547
0%
New York Rangers Ron Greschner 610
0%
Vancouver Canucks Thomas Gradin 550
0%
New York Rangers Walt Tkaczuk 678
0%
No matching quizzes found
Score Distribution
Percent of People with Each Score
Percentile by Number Answered
Your Score History
You have not taken this quiz